1498 1767 1844 1130 1928 1778 1241 1729 1991 1866 1723 1481 1568 1119 1252 1114 1170 1794 1465 1942 1373 1220 1418 1201 1257 1681 1988 1801 1508 1413 1100 1510 1408 1284 1228 1265 1947 1217 1436 1773 1486 1673 1616 1029 1393 1884 1970 1765 1698 1250 1275 1529 1002 1585 1164 1131 1811 1124 1277 1550 1596 1164 1828 1942 1978 1451 1708 1473 1725 1148 1416 1540 1083 1653 1817 1031 1637 1978 1124 1989 1111 1354 1419 1529 1887 1034 1957 1529 1238 1400 1386 1468 1627 1487 1364 1854 1916 1294 1036 BCNSPRNW ULIB Ver.6.0+V

เปลี่ยนเป็นภาษาไทย

Change to English
 แสดงรายละเอียดบรรณานุกรม
  กลับหน้าหลัก

Brief Record : Get Marc (ISO 2709) : E-mail record : QR code < ปิดหน้าต่าง
LEADER : 00000nam 2200000uu 4500
001    13399121436
003     ULIB
008    120322s2551||||th 000 0 tha d
020    ^a9789744750983
090    ^aนว.^bท363ห
100 0  ^aทัศนาวดี
245 00 ^aหมู่บ้านแอโรบิก/^cทัศนาวดี
250    ^aพิมพ์ครั้งที่ 1
260    ^aกรุงเทพฯ :^bแพรวสำนักพิมพ์,^c2551
300    ^a137 หน้า
710 1  ^aแพรวสำนักพิมพ์
945    ^p110^l0^i15026
995    ^aทศพร
999    ^aใช้งานได้ทุกระบบ
รายการนี้ยังไม่มีแท็ก
คุณยังไม่ได้ล็อกอิน คุณสามารถมีกิจกรรมร่วมกับเว็บไซต์ได้ แต่ต้องล็อกอินก่อน ::
  ล็อกอิน

รายการสื่อสารสนเทศ

ลำดับที่ ประเภท เลขเรียก/บาร์โค้ด สถานที่ สถานะ
1. นวนิยาย
นวนิยาย
นว. ท363ห ฉ.1 
  Barcode: 15026
ห้องสมุดวิทยาเขตสวรรค์ประชารักษ์
►นวนิยาย
บนชั้น
  ขอยืม

BibComment


ยังไม่เคยถูกคอมเมนท์

คอมเมนท์ทรัพยากรรายการนี้
  คอมเมนท์: หมู่บ้านแอโรบิก ..


 Copyright 2026. Bcnsprnw @Library